000 01384nam a22002777a 4500
005 20170124103146.0
010 _aA-220059
020 _c20.00
035 _aA-220059
037 _bCen Lib/Ret
040 _aDPL
_bHN
082 _a020
_bरंगना
100 _aरंगनाथन, एस० आर०
_93200
245 _aपुस्तकालय विज्ञान के पाँच सूत्र /
_cएस० आर० रंगनाथन;अनुवादक सी० एल० शर्मा
246 _aPusakalay vigyan ke panch sootra /
_bby S. R. Ranganathan;anuvadak C. L. Sharma
260 _aजयपुर
_bराजस्थान हिन्दी ग्रन्थ अकादेमी
_c1980
270 _aए-26/2, विधालय मार्ग, तिलक नगर
_bजयपुर
_e302004
300 _axxiv,367पृ.
_c23सेमी(सजिल्द)
500 _aअनुक्रमणिका शामिल
650 _aपुस्तकालय विज्ञान
_986218
650 _aपुस्तकालय विज्ञान--पांच सूत्र
_986219
650 _aLibrary Science
_986220
650 _aLibrary Science--Five laws
_986221
700 _aशर्मा, सी० एल०
_949978
942 _2ddc
_cHN
_h020
_mरंगना
999 _c119686
_d119686